Distribution and abundance of butterflies in a mountain area in the northern Iberian peninsula (Registro nro. 9511)

Detalles MARC
000 -CABECERA
Campo de control 006170000a22001690004500
090 ## - CLASIFICACIÓN LOCAL
Colección AR
Consecutivo 00414
041 0# - IDIOMA
Código de idioma para texto/pista de sonido o título separado
100 1# - ASIENTO PRINCIPAL--NOMBRE PERSONAL
Nombre personal Gutiérrez, David
245 10 - MENCION DE TITULO
Título Distribution and abundance of butterflies in a mountain area in the northern Iberian peninsula
650 14 - ASIENTO SECUNDARIO DE MATERIA - TERMINO TEMATICO
Término temático o nombre geográfico como elemento de entrada Distribución altitudinal
650 14 - ASIENTO SECUNDARIO DE MATERIA - TERMINO TEMATICO
Término temático o nombre geográfico como elemento de entrada Riqueza de especies
650 14 - ASIENTO SECUNDARIO DE MATERIA - TERMINO TEMATICO
Término temático o nombre geográfico como elemento de entrada Mariposas
651 #4 - ASIENTO SECUNDARIO DE MATERIA - NOMBRE GEOGRAFICO
-- Parque Nacional Montaña de Covadonga
-- Asturias, León
-- España
700 1# - ASIENTO SECUNDARIO - NOMBRE PERSONAL
Nombre personal Menéndez, Rosa
773 1# - Item fuente:
Título Ecography: pattern and diversity in ecology
Especificación de materiales 1136
Descripción física 3
Paginas del Articulo 209-216
Lugar, editorial y fecha de publicación 1995
Información sobre la relación 18
942 ## - ELEMENTOS ADICIONALES (KOHA)
Tipo de ítem Artículo
Existencias
Withdrawn status Lost status Damaged status No para préstamo Colección Ubicación Permanente Ubicación actual Fecha de adquisición Datos de publicación Seriada Total Checkouts Número topográfico Inventario / Código de Barras Date last seen Ejemplar Price effective from Forma de adquisición Tipo de material
      No para Préstamo Hemeroteca Bogotá Bogotá 27/02/2015 Fuera de circulación   AR 00414 010686 25/03/2015 1 25/03/2015   Artículo